Statystyki dla Kartky - Zakazane Piosenki

Kliknij tutaj aby rozwiązać quiz!

Ogólne statystyki

  • Ten quiz został rozwiązany 71 razy
  • Średni wynik to 6 z 9

Statystyki odpowiedzi

HintOdpowiedź% Poprawnych
1Ciri
95%
2Bruxa
78%
3Dzieci gorszego boga
76%
7Quen
76%
8Skellige
69%
4Czarna noc
64%
5Miasto duchów
63%
6Było jak było
58%
9Obliviate
49%

Rozkład punktacji

Percentyl według liczby udzielonych odpowiedzi

Procent ludzi z każdym wynikiem

Twoja historia wyników

Nie rozwiązałeś tego quizu